Citizens and the new governance (Record no. 272725)

MARC details
000 -LEADER
fixed length control field 00744nam a2200253Ia 4500
003 - CONTROL NUMBER IDENTIFIER
control field OSt
005 - DATE AND TIME OF LATEST TRANSACTION
control field 20220918221510.0
008 - FIXED-LENGTH DATA ELEMENTS--GENERAL INFORMATION
fixed length control field 220917b |||||||| |||| 00| 0 eng d
037 ## - SOURCE OF ACQUISITION
Terms of availability Textual
040 ## - CATALOGING SOURCE
Original cataloging agency ARTS
Transcribing agency ARTS
Language of cataloging eng
041 ## - LANGUAGE CODE
Source of code eng
Language code of text/sound track or separate title eng
100 ## - MAIN ENTRY--PERSONAL NAME
Personal name Rouban Luc Ed.
9 (RLIN) 140624
245 #0 - TITLE STATEMENT
Title Citizens and the new governance
Remainder of title beyond new public management
260 ## - PUBLICATION, DISTRIBUTION, ETC.
Place of publication, distribution, etc. Amsterdam
Name of publisher, distributor, etc. IOS Press
Date of publication, distribution, etc. 1999
300 ## - PHYSICAL DESCRIPTION
Extent viii,239p.
Dimensions cm.
490 ## - SERIES STATEMENT
Series statement International institute of administrative science monographs, V.10
650 ## - SUBJECT ADDED ENTRY--TOPICAL TERM
Topical term or geographic name entry element POLITICAL SCIENCE
942 ## - ADDED ENTRY ELEMENTS (KOHA)
Classification part W,8:5, N9
Koha item type Textual
Source of classification or shelving scheme Colon Classification (CC)
Holdings
Withdrawn status Lost status Damaged status Not for loan Home library Current library Date acquired Total Checkouts Full call number Barcode Date last seen Price effective from Koha item type
        Arts Library Arts Library 2022-09-18   W,8:5 N9 AL1200126 2022-09-18 2022-09-18 Textual
Copyright @ Delhi University Library System